000 004960000a22001930004500
001 003835
003 MACL
005 20151014153256.0
008 151014b xxu||||| |||| 00| 0 eng d
040 _aMACL
_cMACL
041 _aEnglish
082 _a920/GUP
100 _aGupta, Ashoka
_914828
245 _aIn the Path of Service
_bMemories Of A Changing Century
_cAshoka Gupta
260 _aKolkata
_c2005
_bMandira Sen,
350 _a450
650 _aBiography
_914829
942 _k920
_cBK
_2ddc
999 _c15728
_d15728